<?xml version="1.0" encoding="UTF-8"?>
<record
    xmlns:xsi="http://www.w3.org/2001/XMLSchema-instance"
    xsi:schemaLocation="http://www.loc.gov/MARC21/slim http://www.loc.gov/standards/marcxml/schema/MARC21slim.xsd"
    xmlns="http://www.loc.gov/MARC21/slim">

  <leader>00667nam a22001577a 4500</leader>
  <controlfield tag="005">20250812092829.0</controlfield>
  <controlfield tag="008">250812b        |||||||| |||| 00| 0 eng d</controlfield>
  <datafield tag="050" ind1=" " ind2=" ">
    <subfield code="a">THE QK 867 .K4 M64 2025</subfield>
    <subfield code="b">C.1</subfield>
  </datafield>
  <datafield tag="100" ind1=" " ind2=" ">
    <subfield code="a">Moenga, Mercilline Nyamokami</subfield>
  </datafield>
  <datafield tag="245" ind1=" " ind2=" ">
    <subfield code="a">Macro and Micro Element Composition in Indigenous Solanum nigrum and Gynadropsis gynandra From Two Agroecological Zones of Kisii, Kenya</subfield>
  </datafield>
  <datafield tag="260" ind1=" " ind2=" ">
    <subfield code="a">Kisii</subfield>
    <subfield code="b">Kisii University</subfield>
    <subfield code="c">2025</subfield>
  </datafield>
  <datafield tag="300" ind1=" " ind2=" ">
    <subfield code="a">xviii, 93p.:ill.</subfield>
  </datafield>
  <datafield tag="500" ind1=" " ind2=" ">
    <subfield code="a">Includes bibliographical references</subfield>
  </datafield>
  <datafield tag="650" ind1=" " ind2=" ">
    <subfield code="a">1. Solanum nigrum&#x2014;Kenya. 2. Gynandropsis gynandra&#x2014;Kenya. 3. Plants&#x2014;Mineral content. 4. Agroecology&#x2014;Kenya.</subfield>
  </datafield>
  <datafield tag="942" ind1=" " ind2=" ">
    <subfield code="2">lcc</subfield>
    <subfield code="c">REF</subfield>
  </datafield>
  <datafield tag="999" ind1=" " ind2=" ">
    <subfield code="c">216020</subfield>
    <subfield code="d">216020</subfield>
  </datafield>
  <datafield tag="952" ind1=" " ind2=" ">
    <subfield code="0">0</subfield>
    <subfield code="1">0</subfield>
    <subfield code="2">lcc</subfield>
    <subfield code="4">0</subfield>
    <subfield code="6">THE Q K867 K4  M00064 02025</subfield>
    <subfield code="7">0</subfield>
    <subfield code="8">SC</subfield>
    <subfield code="9">372814</subfield>
    <subfield code="a">KSUL</subfield>
    <subfield code="b">KSUL</subfield>
    <subfield code="d">2025-08-12</subfield>
    <subfield code="i">109436</subfield>
    <subfield code="l">0</subfield>
    <subfield code="o">THE QK 867 .K4 M64 2025</subfield>
    <subfield code="p">000000024326</subfield>
    <subfield code="r">2025-08-12 09:29:45</subfield>
    <subfield code="t">C.1</subfield>
    <subfield code="w">2025-08-12</subfield>
    <subfield code="y">REF</subfield>
  </datafield>
</record>
